| 000 | 00506nam a22001697a 4500 | ||
|---|---|---|---|
| 003 | BD-DhUL | ||
| 005 | 20160822091739.0 | ||
| 008 | 160822b bg ||||| |||| 000 0 eng d | ||
| 040 |
_aBD-DhUL _cBD-DhUL |
||
| 082 |
_a320.95492 _bROB |
||
| 100 | _aRounaq Jahan | ||
| 245 |
_aBangladesh politics : _bproblems and issues / _cRounaq Jahan |
||
| 260 |
_aDhaka : _bUniversity Press, _c1980. |
||
| 300 |
_axxiv, 228 p. : _bill. ; _c21 cm |
||
| 650 | _aBangladesh - Politics and government | ||
| 942 |
_2ddc _cBK |
||
| 999 |
_c100143 _d100143 |
||